| 000 | 00697nam a2200253 a 4500 | ||
|---|---|---|---|
| 003 | AR-BaBNM | ||
| 005 | 20251128203647.0 | ||
| 008 | 082120s2002 ||||||||||||||000 | spa|| | ||
| 040 | _cAR-BaBNM | ||
| 100 | 1 | _aGerardi, Elleale | |
| 245 | 0 | 0 | _aLa soringala y dos poemas de amor |
| 260 |
_aBuenos Aires _bEdiciones La Brújula _c1984 |
||
| 300 | _a51 p. | ||
| 490 | 0 | _aPoetas y escritores del mundo | |
| 650 | 4 | _aLITERATURA ARGENTINA | |
| 650 | 4 | _aLITERATURA CONTEMPORANEA | |
| 650 | 4 | _aPOESIA | |
| 650 | 4 | _aESCRITORES | |
| 655 | _aLITERATURA | ||
| 700 | 1 |
_aFreidenberg de Villalba, Ana _eprologuista |
|
| 800 | 1 |
_aGhioraldi, Carlos Alberto _edirector |
|
| 942 | _cBK | ||
| 998 | _cMARTIN | ||
| 999 |
_c4367 _d4367 |
||